| 000 | 00378nam a2200157Ia 4500 | ||
|---|---|---|---|
| 005 | 20250425064712.0 | ||
| 008 | 240331s9999 xx 000 0 und d | ||
| 020 | _a9558033855 | ||
| 082 |
_bKHO _a808 |
||
| 100 | _aKhouri,N | ||
| 245 | 0 | _aDayabara daliya | |
| 260 |
_bVitharsana Publishers _c2006 |
||
| 300 | _a209 p ., | ||
| 500 | _aTranslation of Forbidden Love | ||
| 942 | _cL | ||
| 999 |
_c5184 _d5184 |
||